| 000 | 01726cam a22005054i 4500 | ||
|---|---|---|---|
| 003 | PE-LiUPU | ||
| 005 | 20250731165459.0 | ||
| 008 | 150623s r 000 0 d | ||
| 020 | _a0801021510 | ||
| 035 | _a(Sirsi) i9780801021510 | ||
| 040 |
_aPE-LiUPU _bspa _cPE-LiUPU _erda |
||
| 049 | _aPRUA | ||
| 082 | 0 | 4 |
_a239.03e _bG34 _221 |
| 100 | 1 |
_aGeisler, Norman L., _eautor. |
|
| 245 | 1 | 0 |
_aBaker encyclopedia of christian apologetics / _cNorman L. Geisler. |
| 264 | 1 |
_aGrand Rapids, Michigan : _bBaker Books, _c1999. |
|
| 300 |
_a841 páginas ; _c26 centímetros |
||
| 336 |
_atext _2rdacontent |
||
| 337 |
_aunmediated _2rdamedia |
||
| 338 |
_avolume _2rdacarrier |
||
| 490 | 0 | _aBaker Reference Library | |
| 504 | _aIncluye bibliografía. | ||
| 505 | 0 | _aBaker encyclopedia of christian apologetics, en orden alfabetico. (A-Z). | |
| 526 | _aSEG44 | ||
| 526 | _aSEG26 | ||
| 526 | _aP151 | ||
| 526 | _aP150 | ||
| 526 | _aP149 | ||
| 526 | _aP146 | ||
| 526 | _aP145 | ||
| 526 | _aP126 | ||
| 526 | _aP125 | ||
| 526 | _aP92 | ||
| 526 | _aP75 | ||
| 526 | _aP74 | ||
| 526 | _aP27 | ||
| 526 | _aP15 | ||
| 650 | 1 | 4 |
_aApologética _vEnciclopedias. |
| 942 |
_2ddc _cBOOK |
||
| 949 |
_aRC 239.03E G34 _wDEWEY _c1 _i45623 _lCCODEBUL1 _mBUL _r0 _sY _tBOOK _u2015-6-24 _xTEOLOGIA _PP35 _0COMPRA _o.CIRCNOTE. No olvidar cambiar la fecha de devolución!!!!!!! _o.STAFF. Colección General |
||
| 994 |
_aC0 _bPEPRU |
||
| 596 | _a1 | ||
| 999 |
_aRC 239.03E G34 _wDEWEY _c22494 _i45623 _d22494 _f2021-11-8 _g6 _lCCODEBUL1 _mBUL _q1 _r1 _sY _tBOOK _u2015-6-24 _xTEOLOGIA _PP35 _0COMPRA _o.CIRCNOTE. No olvidar cambiar la fecha de devolución!!!!!!! _o.STAFF. Colección General |
||
| 980 |
_81 _gALBERTO SANCHEZ Responsable de Automatización |
||